Statistics for Name a Major European City A-Z

Click here to take the quiz!

General Stats

  • This quiz has been taken 37,819 times
  • The average score is 15 of 20

Answer Stats

HintAnswer% Correct
BBerlin | Barcelona | Birmingham |
Budapest | Bucharest | Brussels |
Belgrade | Bordeaux | Bremen
99%
MMoscow | Madrid | Milan |
Manchester | Munich | Minsk |
Marseille | Mannheim | Malaga
97%
LLondon | Lisbon | Leeds | Lyon |
Liverpool | Lille
96%
AAthens | Amsterdam | Antwerp
94%
PParis | Prague | Porto | Perm
93%
SSt. Petersburg | Stuttgart | Stockholm |
Sheffield | Seville | Samara | Sofia | Saratov
88%
RRome | Rotterdam | Rostov-on-Don
86%
OOslo | Odessa
84%
HHamburg | Helsinki | Hanover
83%
DDüsseldorf | Donetsk | Dnipro | Dublin
80%
WWarsaw
80%
CCologne | Copenhagen
79%
VVienna | Valencia | Volgograd | Voronez
77%
KKatowice | Kyiv | Kharkiv | Kazan
69%
FFrankfurt
67%
NNaples | Nizhny Novgorod |
Newcastle upon Tyne
64%
ZZurich
58%
TTurin | Toulouse
49%
GGlasgow
43%
UUfa
11%

Score Distribution

Percentile by Number Answered

Percent of People with Each Score

Your Score History

You have not taken this quiz